Introduction to quantum statistical mechanics

Պահպանված է:
Մատենագիտական մանրամասներ
Հիմնական հեղինակ: Bogolioubov, Nicolás (Հեղինակ)
Ձևաչափ: Գիրք
Լեզու:անգլերեն
Հրապարակվել է: Singapur World Scientific 1982
Խորագրեր:
Ցուցիչներ: Ավելացրեք ցուցիչ
Չկան պիտակներ, Եղեք առաջինը, ով նշում է այս գրառումը!

MARC

LEADER 00000nam a2200000 a 4500
001 UCK1901
003 CL-VaPUC
008 041210e19820000si |||||||||||||||||eng|d
020 |a 9971950316 
082 0 4 |a 530.12  |b BOG  |2 21 
100 |a Bogolioubov, Nicolás  |e author  |9 425522 
245 1 0 |a Introduction to quantum statistical mechanics 
300 |a 299 p 
942 |c BK 
945 |d 20041210 00:00:00  |a cmena 
260 |a Singapur  |b World Scientific  |c 1982 
650 0 |a Mecánica cuántica  |9 306806 
650 0 |a Estadística matemática  |9 260028 
650 0 |a Ecuaciones  |9 260137 
650 0 |a Funciones (Matemáticas)  |9 338128 
583 |a last modification  |c 20171221 03:09:44  |k Rodrigo Vera 
999 |c 311672  |d 311670 
952 |0 0  |1 0  |4 0  |6 530_120000000000000_BOG_1982  |7 0  |8 A  |9 381217  |a BIBCUR  |b BIBCUR  |d 2019-11-21  |i 4085205  |o 530.12 BOG 1982  |p 4085205  |r 2025-04-22  |w 2019-11-21  |y BK  |k FIS